Information literacy in a post-truth era 7th European conference on information literacy, ECIL 2021, virtual event, September 20-23, 2021, revised selected papers

Bibliographic Details
Main Authors: Špiranec, Sonja, 1974- (Author, Editor), Kurbanoğlu, Serap (Author, Editor), Ünal, Yurdagül (Author, Editor)
Corporate Author: European conference on information literacy (Author)
Other Authors: Boustany, Joumana (Editor), Kos, Denis (Editor)
Format: Conference Proceeding Book
Language:English
PhysicalDescription:xxi, 750 strán grafy, tabuľky, schémy 24 cm
Published: Cham Springer [2022]
ISBN:9783030998844
9783030998851
Series:Communications in computer and information science
Subjects:

MARC

LEADER 00000nam a2200000 4500
001 vtls012267381
003 SK-MaSNL
005 20260309092144.0
008 241122s2022 sz dal f n 101 0 eng
015 |a SNBA2026/03 
020 |a 9783030998844  |q (brožované) 
020 |a 9783030998851  |q (eBook) 
040 |a SNK  |b slo  |c SNK  |e rda 
041 0 |a eng 
044 |a sz  |c CH 
072 7 |a 37  |x Výchova a vzdelávanie  |2 konspekt 
072 7 |a 004  |x Počítačová veda. Výpočtová technika. Informačné technológie  |2 konspekt 
080 |a 37.015.311:024.5  |2 2011 
080 |a 004  |2 2011 
080 |a (062.534)  |2 2011 
111 2 |a European conference on information literacy  |n (7th :  |d 2021)  |4 aut  |9 538972 
245 1 0 |a Information literacy in a post-truth era  |b 7th European conference on information literacy, ECIL 2021, virtual event, September 20-23, 2021, revised selected papers  |c Serap Kurbanoğlu, Sonja Špiranec, Yurdagül Ünal, Joumana Boustany, Denis Kos (Eds.) 
264 1 |a Cham  |b Springer  |c [2022] 
264 4 |c ©2022 
300 |a xxi, 750 strán  |b grafy, tabuľky, schémy  |c 24 cm 
336 |a text  |b txt  |2 rdacontent 
337 |a bez média  |b n  |2 rdamedia 
338 |a zväzok  |b nc  |2 rdacarrier 
490 1 |a Communications in computer and information science  |v 1533 
504 |a Obsahuje bibliografiu za jednotlivými príspevkami a menný register 
650 0 7 |a informačná gramotnosť  |2 SNKPH  |9 79102 
650 0 7 |a počítačová veda  |2 SNKPH  |9 1900 
650 0 7 |a Information literacy  |2 SNKPHeng  |9 364139 
650 0 7 |a Computer science  |2 SNKPHeng  |9 313712 
655 7 |a zborníky konferencií  |2 SNKPH  |9 70153 
655 7 |a Proceedings of conferences  |2 SNKPH  |9 265791 
700 1 |a Špiranec, Sonja,  |d 1974-  |4 edt  |4 aut  |9 538973 
700 1 |a Kurbanoğlu, Serap  |4 edt  |4 aut  |9 538974 
700 1 |a Boustany, Joumana  |4 edt  |9 538975 
700 1 |a Kos, Denis  |4 edt  |9 538976 
700 1 |a Ünal, Yurdagül  |4 edt  |4 aut  |9 538977 
830 0 |a Communications in computer and information science  |9 330941 
852 |a Slovenská národná knižnica 
919 |a 978-3-030-99884-4 
919 |a 978-3-030-99885-1 
954 |a odborná, vedecká literatúra cudzojazyčná (svetová)  |2 lita 
958 |a ZS 
958 |a NB 
999 |c 830646  |d 832576 
952 |a SNK  |b SNK  |c SNK_KF  |y PREZ  |7 8  |p 17A1577976  |o snkSC 212939  |i snk2025/20305  |8 4  |g 142.99  |0 0  |1 0  |4 0  |d 2024-11-22  |l 0  |r 2026-02-24 03:36:39  |w 2026-02-24